Stations de tramway de Montpellier (France) - Statistiques

Statistiques générales
  • Ce quiz a été pris 1 500 fois
  • Le résultat moyen est 45 sur 103
Statistiques - réponses
Réponse % Correct
Mosson
91%
Gare Saint Roch
86%
Comédie
85%
Odysseum
83%
Corum
80%
Antigone
67%
Louis Blanc
65%
Garcia Lorca
63%
Occitanie
63%
Rives du Lez
63%
Place de l'Europe
62%
Saint Eloi
62%
Juvignac
61%
Jacou
60%
Observatoire
59%
Place de France
59%
Port Marianne
59%
Sabines
58%
Stade Philippidès
58%
Boutonnet
54%
Léon Blum
54%
Chateau d'O
50%
Hôpital Lapeyronie
50%
Nouveau Saint Roch
50%
Lattes Centre
48%
Moularès - Hotel de ville
46%
Moularès - Hotel de Ville
46%
Pérols Etang de l'Or
46%
Euromédecine
44%
Millénaire
44%
Saint Denis
44%
Malbosc
43%
Peyrou - Arc de Triomphe
43%
Plan Cabanes
43%
Rondelet
43%
Saint jean de Védas centre
43%
Du Guesclin
42%
Notre Dame de Sablassou
42%
Les Arceaux
41%
Halles de la Paillade
38%
Jules Guesde
38%
Saint Paul
38%
Beaux Arts
36%
Charles de Gaulle
36%
Astruc
35%
Pablo Picasso
35%
Hauts de Massane
34%
Voltaire
34%
Pérols Centre
33%
Tonnelles
33%
Boirargues
32%
Celleneuve
32%
Pergola
32%
Place Carnot
32%
Aiguelongue
31%
Hotel du département
31%
Les Aubes
31%
Pompignane
31%
Croix d'Argent
28%
Lemasson
27%
Mondial 1998
26%
Saint Cléophas
26%
Saint Guilhem
26%
Saint Martin
26%
Saint jean le Sec
25%
Victoire 2
25%
Mas Drevon
24%
Parc Expo
24%
Saint Lazare
24%
La Rauze
23%
Universités des Sciences et des Lettres
23%
Restanque
22%
Georges Pompidou
21%
Jeu de mail des abbés
20%
Aube Rouge
19%
La Galine
19%
Pilory
19%
Villeneuve d'Angoulême
19%
Clairval
18%
Georges Frêche - Hotel de Ville
18%
Via Domitia
17%
Centurions
16%
EcoPôle
16%
La condamine
15%
Place Albert I - Cathédrale
15%
Place Albert I - Saint Charles
15%
Stade la mosson
12%
Cougourludes
7%
Aucun quiz correspondant
Distribution des résultats
% des personnes avec chaque résultat
Percentile par nombre de réponses
Votre historique - résultats
Vous n’avez pas pris ce quiz